[Event "Oberwart op"]
[Site "Oberwart"]
[Date "2010.07.17"]
[Round "8"]
[White "Doppelhammer, Herbert"]
[Black "Holzer, Gerhard"]
[Result "0-1"]
[WhiteElo "2070"]
[BlackElo "2208"]
[PlyCount "76"]
[EventDate "2010.07.10"]
[EventType "swiss"]
[EventRounds "9"]
[EventCountry "AUT"]
[SourceTitle "CBM 137 Extra"]
[Source "ChessBase"]
[SourceDate "2010.09.01"]
[SourceVersion "1"]
[SourceVersionDate "2010.09.01"]
[SourceQuality "1"]

1. d4 Nf6 2. Nf3 g6 3. g3 Bg7 4. Bg2 d6 5. 0-0 0-0 6. Re1 Nbd7 7. e4 e5 8. c3 a6 9. a4 b6 10. dxe5 dxe5 11. b4 Bb7 12. Nbd2 Qe7 13. Ba3 Rfd8 14. Qc2 Bf8 15. a5 bxa5 16. bxa5 Qe8 17. Bxf8 Qxf8 18. Nb3 Ne8 19. Bh3 Qe7 20. Rad1 Ndf6 21. Nfd2 Rd6 22. f3 Rc6 23. Nf1 Nd6 24. Ne3 Nc4 25. Nxc4 Rxc4 26. Qd3 Rc6 27. Qe3 Kg7 28. Qc1 Bc8 29. Bxc8 Rxc8 30. Re3 Rc4 31. Red3 Rb8 32. Nd2 Ra4 33. Nf1 Rxa5 34. Ne3 h6 35. c4 Ra2 36. Qc3 Rbb2 37. R1d2 Rxd2 38. Rxd2 Ra3 0-1

[Event "Oberwart op"]
[Site "Oberwart"]
[Date "2010.07.15"]
[Round "6"]
[White "Schneider Zinner, Harald"]
[Black "Holzer, Gerhard"]
[Result "1/2-1/2"]
[WhiteElo "2343"]
[BlackElo "2208"]
[PlyCount "84"]
[EventDate "2010.07.10"]
[EventType "swiss"]
[EventRounds "9"]
[EventCountry "AUT"]
[SourceTitle "CBM 137 Extra"]
[Source "ChessBase"]
[SourceDate "2010.09.01"]
[SourceVersion "1"]
[SourceVersionDate "2010.09.01"]
[SourceQuality "1"]

1. d4 Nf6 2. Nf3 g6 3. Bg5 Bg7 4. Nbd2 d6 5. e4 h6 6. Bh4 g5 7. Bg3 Nh5 8. c3 c6 9. Bd3 Nxg3 10. hxg3 Bg4 11. Nc4 Nd7 12. Qb3 Qc7 13. Ne3 Bxf3 14. gxf3 e6 15. f4 0-0-0 16. fxg5 hxg5 17. 0-0-0 Kb8 18. Kb1 d5 19. a3 Nb6 20. exd5 Nxd5 21. Rhe1 Nxe3 22. Rxe3 Rh6 23. Be4 Rf6 24. Re2 Rh8 25. c4 g4 26. d5 exd5 27. cxd5 cxd5 28. Rxd5 Rb6 29. Rb5 Rxb5 30. Qxb5 Rd8 31. Qb3 Bd4 32. Bf5 Qc5 33. Qc2 Qxc2+ 34. Kxc2 Rh8 35. Bxg4 Rh2 36. f4 Rxe2+ 37. Bxe2 Bf2 38. g4 Be3 39. f5 f6 40. Kd3 Bg5 41. Kc4 Kc7 42. Kd5 Bh4 1/2-1/2

[Event "Oberwart op"]
[Site "Oberwart"]
[Date "2010.07.11"]
[Round "2"]
[White "Danner, Georg"]
[Black "Holzer, Gerhard"]
[Result "1-0"]
[WhiteElo "2418"]
[BlackElo "2208"]
[PlyCount "47"]
[EventDate "2010.07.10"]
[EventType "swiss"]
[EventRounds "9"]
[EventCountry "AUT"]
[SourceTitle "CBM 137 Extra"]
[Source "ChessBase"]
[SourceDate "2010.09.01"]
[SourceVersion "1"]
[SourceVersionDate "2010.09.01"]
[SourceQuality "1"]

1. d4 d6 2. Nf3 Nf6 3. c4 g6 4. Nc3 Bg7 5. e4 0-0 6. Be2 c6 7. 0-0 Nbd7 8. Ne1 e5 9. d5 c5 10. Nd3 a6 11. a4 Ne8 12. a5 Bf6 13. Bh6 Ng7 14. Qd2 Be7 15. Na4 Rb8 16. b4 f5 17. exf5 gxf5 18. bxc5 dxc5 19. Rab1 Rf6 20. Rb3 e4 21. Bxg7 Kxg7 22. Nf4 Kh8 23. Ne6 Qe8 24. Qf4 1-0

[Event "Vienna op 16th"]
[Site "Vienna"]
[Date "2009.08.17"]
[Round "3"]
[White "Bachmayer, Josef"]
[Black "Holzer, Gerhard"]
[Result "1-0"]
[WhiteElo "2073"]
[BlackElo "2238"]
[PlyCount "44"]
[EventDate "2009.08.15"]
[EventType "swiss"]
[EventRounds "9"]
[EventCountry "AUT"]
[SourceTitle "CBM 131 Extra"]
[Source "ChessBase"]
[SourceDate "2009.09.03"]
[SourceVersion "2"]
[SourceVersionDate "2009.09.16"]
[SourceQuality "1"]

1. d4 Nf6 2. Nc3 e6 3. Bg5 Be7 4. Nf3 b6 5. e4 Bb7 6. Bd3 d6 7. Qe2 Nbd7 8. Rd1 a6 9. 0-0 h6 10. Bc1 Qc8 11. Ne1 e5 12. dxe5 Nxe5 13. Bf4 Nxd3 14. Rxd3 Qg4 15. Qxg4 Nxg4 16. Rg3 h5 17. h3 Bh4 18. Rd3 Nh6 19. Nf3 Be7 20. Nd5 Bd8 21. c4 c6 22. Nc3 Bc7 1-0

[Event "Velden op"]
[Site "Velden"]
[Date "2008.09.14"]
[Round "2"]
[White "Holzer, Gerhard"]
[Black "Mueller, Marcus"]
[Result "1-0"]
[WhiteElo "2246"]
[BlackElo "2143"]
[PlyCount "43"]
[EventDate "2008.09.13"]
[EventType "swiss"]
[EventRounds "9"]
[EventCountry "AUT"]
[SourceTitle "EXT 2009"]
[Source "ChessBase"]
[SourceDate "2008.11.26"]
[SourceVersion "1"]
[SourceVersionDate "2008.11.26"]
[SourceQuality "1"]

1. Nf3 Nf6 2. c4 c5 3. g3 b6 4. Bg2 Bb7 5. 0-0 e6 6. Nc3 Be7 7. e3 0-0 8. Qc2 a6 9. b3 Qc7 10. Bb2 d6 11. Rac1 Nbd7 12. d4 cxd4 13. exd4 Rac8 14. Qe2 Rfe8 15. Nh4 Bxg2 16. Nxg2 Qb7 17. Nf4 Bf8 18. Qd3 d5 19. cxd5 exd5 20. Qf3 Ne4 21. Nfxd5 Nxc3 22. Ne7+ 1-0

[Event "AUT-ch"]
[Site "Tweng"]
[Date "2007.08.??"]
[Round "6"]
[White "Dietmayer Kraeutler, Marco"]
[Black "Holzer, Gerhard"]
[Result "1-0"]
[WhiteElo "2311"]
[BlackElo "2254"]
[PlyCount "161"]
[EventDate "2007.08.??"]
[EventType "swiss"]
[EventRounds "9"]
[EventCountry "AUT"]
[SourceTitle "CBM 119 Extra"]
[Source "ChessBase"]
[SourceDate "2007.09.04"]
[SourceVersion "1"]
[SourceVersionDate "2007.09.04"]
[SourceQuality "1"]

1. d4 Nf6 2. c4 e6 3. Nc3 Bb4 4. Qc2 0-0 5. a3 Bxc3+ 6. Qxc3 b6 7. Bg5 h6 8. Bh4 Bb7 9. f3 d5 10. cxd5 exd5 11. Bxf6 Qxf6 12. Qxc7 Ba6 13. e3 Rc8 14. Qg3 Rc2 15. Bxa6 Nxa6 16. Ne2 Re8 17. Kf2 Rxe2+ 18. Kxe2 Qxd4 19. Rhe1 Rxe3+ 20. Kf1 Qxb2 21. Rxe3 Qxa1+ 22. Qe1 Qd4 23. Re8+ Kh7 24. Qb1+ g6 25. Qe1 Nc5 26. Qe3 Qd1+ 27. Kf2 d4 28. Qe7 Qc2+ 29. Kg3 Qf5 30. Qe5 Qxe5+ 31. Rxe5 Kg7 32. Re7 a5 33. Rc7 d3 34. Kf2 Na4 35. Rc6 b5 36. Ke3 Nb2 37. Rc5 Nc4+ 38. Kxd3 Nxa3 39. Kc3 Kh7 40. Kb3 Nc4 41. Ka2 Ne3 42. g4 Nf1 43. h3 Nd2 44. Rc3 g5 45. Rd3 Nc4 46. Rd5 Ne3 47. Rxb5 Ng2 48. Rb2 Nf4 49. Rh2 Kg6 50. Kb3 Kf6 51. Kc4 Ke5 52. h4 Ng6 53. hxg5 hxg5 54. Rh7 f6 55. Kd3 Kf4 56. Ke2 Ne5 57. Rh6 Nd7 58. Rh8 f5 59. Rd8 Nf6 60. Rd4+ Ke5 61. Ra4 fxg4 62. fxg4 Nd7 63. Ke3 Kf6 64. Rxa5 Ne5 65. Ra6+ Kf7 66. Ra4 Kf6 67. Re4 Nc6 68. Kf3 Ne5+ 69. Kg3 Nc6 70. Re1 Ne5 71. Rf1+ Kg6 72. Rf5 Nf7 73. Kf3 Nh6 74. Ra5 Kf6 75. Ra6+ Kg7 76. Rb6 Kh7 77. Ke4 Nxg4 78. Kf5 Nh6+ 79. Kxg5 Nf7+ 80. Kf6 Nh6 81. Rb7+ 1-0

[Event "AUT-ch"]
[Site "Tweng"]
[Date "2007.08.??"]
[Round "7"]
[White "Fahrner, Kurt"]
[Black "Holzer, Gerhard"]
[Result "0-1"]
[WhiteElo "2322"]
[BlackElo "2254"]
[PlyCount "70"]
[EventDate "2007.08.??"]
[EventType "swiss"]
[EventRounds "9"]
[EventCountry "AUT"]
[SourceTitle "CBM 119 Extra"]
[Source "ChessBase"]
[SourceDate "2007.09.04"]
[SourceVersion "1"]
[SourceVersionDate "2007.09.04"]
[SourceQuality "1"]

1. c4 Nf6 2. g3 g6 3. Bg2 Bg7 4. Nc3 0-0 5. e3 e5 6. Nge2 Nc6 7. 0-0 Ne7 8. b3 d5 9. Ba3 dxc4 10. bxc4 Re8 11. d4 exd4 12. exd4 Nf5 13. d5 b6 14. Qb3 Bd7 15. Rad1 Rb8 16. h3 h5 17. Kh2 Qc8 18. Bc1 Qa6 19. Bf4 Rbc8 20. Nd4 Nxd4 21. Rxd4 Ng4+ 22. hxg4 Bxd4 23. gxh5 gxh5 24. Nb5 Be5 25. Qe3 Bg7 26. Qd3 Qxa2 27. Nxc7 Re2 28. d6 Rxf2 29. Rxf2 Qxf2 30. Nd5 Bd4 31. Ne7+ Kf8 32. Nf5 Qg1+ 33. Kh3 Rc5 34. Bd5 Rxd5 35. Bh6+ Kg8 0-1

[Event "Vienna op-A 15th"]
[Site "Vienna"]
[Date "2006.08.03"]
[Round "6"]
[White "Holzer, Gerhard"]
[Black "Groetz, Harald"]
[Result "0-1"]
[WhiteElo "2251"]
[BlackElo "2359"]
[PlyCount "80"]
[EventDate "2006.07.29"]
[EventType "swiss"]
[EventRounds "9"]
[EventCountry "AUT"]
[SourceTitle "CBM 113 Extra"]
[Source "ChessBase"]
[SourceDate "2006.09.14"]
[SourceVersion "1"]
[SourceVersionDate "2006.09.14"]
[SourceQuality "1"]

1. e4 c5 2. Na3 a6 3. c3 Nc6 4. f4 d5 5. e5 Bf5 6. g4 Be4 7. Nf3 h5 8. d3 Bxf3 9. Qxf3 hxg4 10. Qxg4 e6 11. h4 Nh6 12. Qf3 Nf5 13. h5 Be7 14. Kd1 Qb6 15. Bh3 0-0-0 16. Bxf5 exf5 17. Nc2 d4 18. c4 Rh7 19. Rb1 Rdh8 20. Rg1 Nd8 21. b4 Ne6 22. Rb3 Qc6 23. Qxc6+ bxc6 24. bxc5 Bxc5 25. Nb4 Bxb4 26. Rxb4 Rxh5 27. Kc2 Rh2+ 28. Bd2 Kc7 29. Rgb1 Nc5 30. e6 fxe6 31. Rg1 R8h7 32. Rbb1 Rf2 33. Rbd1 Kd6 34. Rg6 Ke7 35. Rdg1 Kf7 36. R6g3 Rfh2 37. Rb1 Rf2 38. Rd1 Rhh2 39. Kc1 Nd7 40. a3 Nf6 0-1

[Event "Vienna op-A 15th"]
[Site "Vienna"]
[Date "2006.07.30"]
[Round "2"]
[White "Holzer, Gerhard"]
[Black "Timoscenko, Gennadij A"]
[Result "0-1"]
[WhiteElo "2251"]
[BlackElo "2494"]
[PlyCount "50"]
[EventDate "2006.07.29"]
[EventType "swiss"]
[EventRounds "9"]
[EventCountry "AUT"]
[SourceTitle "CBM 113 Extra"]
[Source "ChessBase"]
[SourceDate "2006.09.14"]
[SourceVersion "1"]
[SourceVersionDate "2006.09.14"]
[SourceQuality "1"]

1. c4 e5 2. g3 Nf6 3. Bg2 d5 4. cxd5 Nxd5 5. Nc3 Nb6 6. Nf3 Nc6 7. 0-0 Be7 8. d3 0-0 9. Be3 Bg4 10. Rc1 Qd7 11. Na4 e4 12. Rxc6 exf3 13. exf3 Qxc6 14. Nxb6 axb6 15. fxg4 Qd7 16. a3 Rad8 17. Be4 Bf6 18. Qe2 c5 19. g5 Bd4 20. Bc1 Rfe8 21. Qf3 Re7 22. Kg2 g6 23. Qd1 Bxf2 24. Qb3 Bd4 25. Rf4 b5 0-1

[Event "Oberwart op"]
[Site "Oberwart"]
[Date "2006.07.09"]
[Round "2"]
[White "Stanec, Nikolaus"]
[Black "Holzer, Gerhard"]
[Result "1-0"]
[WhiteElo "2517"]
[BlackElo "2251"]
[PlyCount "72"]
[EventDate "2006.07.08"]
[EventType "swiss"]
[EventRounds "9"]
[EventCountry "AUT"]
[SourceTitle "CBM 113 Extra"]
[Source "ChessBase"]
[SourceDate "2006.09.14"]
[SourceVersion "1"]
[SourceVersionDate "2006.09.14"]
[SourceQuality "1"]

1. Nf3 c5 2. g3 b6 3. e4 Bb7 4. d3 g6 5. Bg2 Bg7 6. 0-0 Nc6 7. c3 Nf6 8. Re1 e5 9. a3 0-0 10. b4 d6 11. Nbd2 Qc7 12. Bb2 Rad8 13. Qb1 Kh8 14. Nc4 Bc8 15. Ne3 Ne7 16. h3 Nh5 17. Qd1 f6 18. Nh4 Be6 19. Bf3 Bf7 20. c4 Qd7 21. bxc5 bxc5 22. Bg4 Qe8 23. Nf3 Bh6 24. Bxh5 gxh5 25. Nh4 Bxe3 26. Rxe3 Be6 27. Kh2 Rb8 28. Bc3 Kg7 29. Ra2 Rg8 30. f4 Bf7 31. Rf2 Bg6 32. Ref3 Rb6 33. fxe5 fxe5 34. Qc1 Kh8 35. Qh6 Rb8 36. Bd2 Rg7 1-0

[Event "AUT-chT2O 0405"]
[Site "Austria"]
[Date "2005.04.09"]
[Round "10.5"]
[White "Hechl, Gerald"]
[Black "Holzer, Gerhard"]
[Result "1/2-1/2"]
[WhiteElo "2252"]
[BlackElo "2276"]
[PlyCount "127"]
[EventDate "2004.10.09"]
[EventType "team-tourn"]
[EventRounds "11"]
[EventCountry "AUT"]
[SourceTitle "EXT 2005"]
[Source "ChessBase"]
[SourceDate "2004.11.15"]
[SourceVersion "1"]
[SourceVersionDate "2004.11.15"]
[SourceQuality "1"]
[WhiteTeam "Eichgraben/Pressbaum"]
[BlackTeam "Donaustadt"]
[WhiteTeamCountry "AUT"]
[BlackTeamCountry "AUT"]

1. e4 c5 2. a3 e6 3. b4 d5 4. exd5 exd5 5. Bb2 Nf6 6. Bb5+ Nc6 7. Qe2+ Be6 8. Nh3 Qe7 9. Nf4 Bg4 10. Bxf6 Qxe2+ 11. Bxe2 Bxe2 12. Kxe2 gxf6 13. Nxd5 0-0-0 14. Nbc3 cxb4 15. axb4 Rg8 16. g3 Rg5 17. f4 Nd4+ 18. Kd1 Rgxd5 19. Nxd5 Rxd5 20. Rxa7 Kb8 21. Ra5 Rd8 22. c3 Nc6 23. Rf5 Ne7 24. Rxf6 Nd5 25. Rxf7 Nxc3+ 26. Kc2 Nd5 27. b5 Bc5 28. Kb3 Nc7 29. Rc1 b6 30. Rxh7 Rxd2 31. Re1 Rd4 32. Kc2 Rc4+ 33. Kd3 Rd4+ 34. Ke2 Nxb5 35. Kf3 Rd8 36. Re5 Nd4+ 37. Ke4 Nc6 38. Rd5 Re8+ 39. Kf3 Nd4+ 40. Kg4 Rg8+ 41. Rg5 Rc8 42. Rd7 Ne6 43. Re5 Rg8+ 44. Kf5 Nc7 45. Ke4 Kc8 46. Rd3 Kb7 47. f5 Kc6 48. f6 Bd6 49. f7 Rf8 50. Rf5 Ne6 51. Rdf3 b5 52. h4 b4 53. g4 Rb8 54. Rf6 Kd7 55. Kd5 Bf8 56. Rd3 Nc5 57. Rd1 Na4 58. Ke5+ Ke7 59. Re6+ Kxf7 60. Rf1+ Kg8 61. Rg6+ Kh8 62. Kf6 b3 63. Rg5 b2 64. Rh5+ 1/2-1/2

[Event "AUT-ch"]
[Site "Hartberg"]
[Date "2004.07.30"]
[Round "7"]
[White "Karner, Christoph"]
[Black "Holzer, Gerhard"]
[Result "1-0"]
[WhiteElo "2364"]
[BlackElo "2270"]
[PlyCount "93"]
[EventDate "2004.07.24"]
[EventType "swiss"]
[EventRounds "9"]
[EventCountry "AUT"]
[SourceTitle "CBM 101 Extra"]
[Source "ChessBase"]
[SourceDate "2004.09.01"]
[SourceVersion "2"]
[SourceVersionDate "2004.09.01"]
[SourceQuality "1"]

1. d4 Nf6 2. c4 g6 3. Nc3 Bg7 4. e4 d6 5. Nf3 0-0 6. Be2 c6 7. 0-0 Nbd7 8. e5 Ne8 9. Bf4 dxe5 10. dxe5 Nc7 11. Qc2 Ne6 12. Bg3 Qa5 13. Qe4 Qb4 14. Rab1 a5 15. Qh4 f6 16. Ne4 Nxe5 17. Nxe5 fxe5 18. a3 Qb6 19. c5 Qc7 20. Bc4 Kh8 21. Rfe1 Rf5 22. Bxe6 Bxe6 23. Ng5 Bg8 24. Qg4 Raf8 25. h4 h5 26. Qe2 Bd5 27. Rbd1 Qc8 28. Qd2 Qa8 29. Qc3 e4 30. Qd2 Qa7 31. Qe3 a4 32. Rd2 Qa5 33. Red1 Qb5 34. Nxe4 Bxe4 35. Qxe4 Qxc5 36. Qxa4 Kh7 37. Qe4 R8f7 38. Rc2 Qb6 39. b4 Qa7 40. Rd3 Qa4 41. Rd7 Qxa3 42. Rxb7 Qa1+ 43. Kh2 Rd5 44. Rxc6 Rff5 45. Qe6 Bf6 46. Qf7+ Kh6 47. Rxe7 1-0

[Event "AUT-ch"]
[Site "Hartberg"]
[Date "2004.07.26"]
[Round "3"]
[White "Wiedner, Robert"]
[Black "Holzer, Gerhard"]
[Result "1/2-1/2"]
[WhiteElo "2214"]
[BlackElo "2270"]
[PlyCount "82"]
[EventDate "2004.07.24"]
[EventType "swiss"]
[EventRounds "9"]
[EventCountry "AUT"]
[SourceTitle "CBM 101 Extra"]
[Source "ChessBase"]
[SourceDate "2004.09.01"]
[SourceVersion "2"]
[SourceVersionDate "2004.09.01"]
[SourceQuality "1"]

1. c4 c5 2. g3 Nf6 3. Bg2 g6 4. Nc3 Bg7 5. e3 0-0 6. Nge2 d6 7. 0-0 Nc6 8. d4 cxd4 9. Nxd4 Ne5 10. b3 Bg4 11. f3 Bd7 12. Bb2 Rc8 13. Qe2 Nc6 14. Rad1 Qb6 15. Qf2 a6 16. Rd2 Rfe8 17. Rfd1 Qa5 18. Bf1 Nxd4 19. Rxd4 Bc6 20. a3 Qc7 21. R4d2 Bh6 22. Bh3 Rcd8 23. Rd3 Nd7 24. Nd5 Qb8 25. b4 b6 26. e4 Bxd5 27. Rxd5 Bg7 28. Bxg7 Kxg7 29. Bxd7 Rxd7 30. c5 bxc5 31. bxc5 Red8 32. e5 Qb3 33. exd6 exd6 34. c6 Re7 35. Rxd6 Qxd1+ 36. Rxd1 Rxd1+ 37. Kg2 f6 38. g4 Rc1 39. Qb6 Rc2+ 40. Kg3 Ree2 41. h4 Rg2+ 1/2-1/2

[Event "Oberwart op"]
[Site "Oberwart"]
[Date "2004.07.11"]
[Round "2"]
[White "Somogyi, Juergen"]
[Black "Holzer, Gerhard"]
[Result "0-1"]
[WhiteElo "2050"]
[BlackElo "2270"]
[PlyCount "44"]
[EventDate "2004.07.10"]
[EventType "swiss"]
[EventRounds "9"]
[EventCountry "AUT"]
[SourceTitle "CBM 103 Extra"]
[Source "ChessBase"]
[SourceDate "2005.01.01"]
[SourceVersion "1"]
[SourceVersionDate "2005.01.01"]
[SourceQuality "1"]

1. Nf3 c5 2. g3 b6 3. Bg2 Bb7 4. 0-0 e6 5. c4 Nf6 6. Nc3 Be7 7. d3 0-0 8. e4 d6 9. Ne1 Nc6 10. f4 a6 11. a4 Qc7 12. Nf3 Rad8 13. d4 cxd4 14. Nxd4 Nxd4 15. Qxd4 d5 16. Qd1 d4 17. Ne2 Bxe4 18. Bxe4 Nxe4 19. Bd2 Qxc4 20. Rc1 Qd5 21. Be1 d3 22. Nc3 Qd4+ 0-1

[Event "AUT-chT2O 0304"]
[Site "Austria"]
[Date "2004.01.31"]
[Round "8.4"]
[White "Pichler, Michael"]
[Black "Holzer, Gerhard"]
[Result "0-1"]
[WhiteElo "2172"]
[BlackElo "2245"]
[PlyCount "146"]
[EventDate "2003.10.25"]
[EventType "team-tourn"]
[EventRounds "11"]
[EventCountry "AUT"]
[SourceTitle "EXT 2005"]
[Source "ChessBase"]
[SourceDate "2004.11.15"]
[SourceVersion "1"]
[SourceVersionDate "2004.11.15"]
[SourceQuality "1"]
[WhiteTeam "Eichgraben/Pressbaum"]
[BlackTeam "Donaustadt"]
[WhiteTeamCountry "AUT"]
[BlackTeamCountry "AUT"]

1. e4 c5 2. Nc3 e6 3. Nge2 b6 4. g3 Bb7 5. Bg2 d6 6. 0-0 Be7 7. d3 Nc6 8. f4 Nf6 9. f5 e5 10. Nd5 Nxd5 11. exd5 Nd4 12. Nc3 Bc8 13. g4 h5 14. h3 hxg4 15. hxg4 b5 16. a4 bxa4 17. Ne4 Bd7 18. Be3 Rb8 19. c3 Nb3 20. Rb1 Bb5 21. Rf2 Kd7 22. g5 f6 23. Qe2 Rh4 24. Rd1 Qh8 25. c4 Ba6 26. Nc3 Rb4 27. Qc2 Qb8 28. g6 Bc8 29. Na2 Rb6 30. Nc3 Ra6 31. Be4 Ke8 32. Rh2 Rxh2 33. Qxh2 Bf8 34. Qh8 Qc7 35. Nb5 Qe7 36. Kf2 Rb6 37. Rh1 a6 38. Nc3 Nd4 39. Nxa4 Rb4 40. Nc3 Rxb2+ 41. Kg3 Bxf5 42. Bxd4 Bxe4 43. Nxe4 exd4 44. Qh3 Qe5+ 45. Kf3 f5 46. Re1 Kd8 47. Qh4+ Be7 48. Ng5 Qf6 49. Ne6+ Kd7 50. Qxf6 Bxf6 51. Nf8+ Kd8 52. Ne6+ Kc8 53. Nf4 Bh4 54. Rf1 Rd2 55. Nh5 Rxd3+ 56. Kf4 Re3 57. Nxg7 Bg3+ 58. Kxf5 d3 59. Ne6 Be5 60. Rd1 Rg3 61. Nxc5 Rf3+ 62. Ke6 Rf6+ 63. Ke7 dxc5 64. Rxd3 Rxg6 65. d6 Rg7+ 66. Kf8 Rd7 67. Ra3 Rxd6 68. Ke7 Rg6 69. Kf7 Rb6 70. Ra5 Bd4 71. Ke7 Kc7 72. Ra2 Rb4 73. Rc2 a5 0-1

[Event "Oberwart op"]
[Site "Oberwart"]
[Date "2004.??.??"]
[Round "?"]
[White "Holzer, Gerhard"]
[Black "Petre, Nad Titus"]
[Result "1-0"]
[WhiteElo "2270"]
[BlackElo "2365"]
[PlyCount "127"]
[EventDate "2004.07.10"]
[EventType "swiss"]
[EventRounds "9"]
[EventCountry "AUT"]
[SourceTitle "CBM 103 Extra"]
[Source "ChessBase"]
[SourceDate "2005.01.01"]
[SourceVersion "1"]
[SourceVersionDate "2005.01.01"]
[SourceQuality "1"]

1. e4 c5 2. Nf3 e6 3. Nc3 a6 4. d4 cxd4 5. Nxd4 Qc7 6. Be2 Bb4 7. Qd3 Nc6 8. Nxc6 bxc6 9. Qd4 Bf8 10. 0-0 Rb8 11. Kh1 Nf6 12. f4 d5 13. Qe3 Bb4 14. e5 Nd7 15. Qg3 g6 16. Be3 Be7 17. Na4 c5 18. c4 d4 19. Bd2 Bb7 20. b3 h5 21. Qf2 a5 22. Qe1 Ra8 23. Kg1 Nb8 24. Bf3 Nc6 25. Qe2 Rd8 26. Qd3 Nb4 27. Bxb4 axb4 28. Rae1 Bc6 29. Bxc6+ Qxc6 30. Re2 Ra8 31. Qc2 Kd7 32. Ra1 h4 33. Nb2 Rh5 34. Rf2 Rf5 35. Nd3 Ra3 36. Re1 Kc7 37. Ree2 Ra8 38. Qc1 Qa6 39. Qf1 Rg8 40. Rf3 Qa8 41. h3 Qb7 42. Ref2 Rh5 43. Re2 Kb6 44. Qd1 Rf5 45. Ref2 g5 46. Qc1 gxf4 47. a3 bxa3 48. Qxa3 Ra8 49. Qb2 Qa6 50. Kh2 Qa1 51. Qd2 Qa5 52. Qc2 Bg5 53. b4 cxb4 54. Nxb4 Rxe5 55. Rb3 Kc7 56. Qh7 Rf5 57. Ra2 Qe5 58. Nd3 Qe4 59. Nc5 Qe5 60. Nxe6+ Kd7 61. Nc5+ Kc6 62. Nd3 Qc7 63. Qxf5 f3+ 64. Ne5+ 1-0

[Event "AUT-chT2O 0304"]
[Site "Austria"]
[Date "2003.10.25"]
[Round "1.5"]
[White "Holzer, Gerhard"]
[Black "Ponjican, Erich"]
[Result "1-0"]
[WhiteElo "2245"]
[BlackElo "2115"]
[PlyCount "119"]
[EventDate "2003.10.25"]
[EventType "team-tourn"]
[EventRounds "11"]
[EventCountry "AUT"]
[SourceTitle "EXT 2005"]
[Source "ChessBase"]
[SourceDate "2004.11.15"]
[SourceVersion "1"]
[SourceVersionDate "2004.11.15"]
[SourceQuality "1"]
[WhiteTeam "Donaustadt"]
[BlackTeam "Tschaturanga II"]
[WhiteTeamCountry "AUT"]
[BlackTeamCountry "AUT"]

1. b3 d5 2. Bb2 c5 3. e3 Nc6 4. Nf3 Bg4 5. Be2 e6 6. 0-0 Nf6 7. d3 Bd6 8. Nbd2 0-0 9. c4 h6 10. Re1 Bf5 11. Bf1 Bh7 12. a3 e5 13. cxd5 Nxd5 14. Nc4 Re8 15. Nxd6 Qxd6 16. d4 cxd4 17. exd4 e4 18. Ne5 Red8 19. Qh5 Qf6 20. Bc4 Nce7 21. g3 Rac8 22. Rac1 Qf5 23. Qd1 f6 24. Ng4 Kh8 25. Be2 Rxc1 26. Qxc1 Rc8 27. Qd2 Qd7 28. Rc1 Rxc1+ 29. Qxc1 Bf5 30. Ne3 Nxe3 31. Qxe3 Nd5 32. Qc1 Bg4 33. Bf1 Bf3 34. Qc5 b6 35. Qb5 Qe6 36. Bc1 Nc3 37. Qc4 Nd5 38. Bd2 b5 39. Qxb5 e3 40. fxe3 Nxe3 41. Qb8+ Kh7 42. Bd3+ Be4 43. Qb5 Qg4 44. Bxe3 Qd1+ 45. Bf1 Qf3 46. Qe2 Qh1+ 47. Kf2 Qxh2+ 48. Ke1 Qxg3+ 49. Kd2 f5 50. Qf2 Qd6 51. Bd3 Qxa3 52. Bxe4 Qa5+ 53. Kc2 fxe4 54. Kb2 Qb5 55. Qc2 Qf5 56. Qc5 Qf3 57. d5 Qe2+ 58. Ka3 h5 59. d6 Qa6+ 60. Kb4 1-0

[Event "Vienna op 14th"]
[Site "Vienna"]
[Date "2003.08.19"]
[Round "4"]
[White "Srienz, Christian"]
[Black "Holzer, Gerhard"]
[Result "0-1"]
[WhiteElo "2177"]
[BlackElo "2258"]
[PlyCount "120"]
[EventDate "2003.08.16"]
[EventType "swiss"]
[EventRounds "9"]
[EventCountry "AUT"]
[SourceTitle "CBM 095 Extra"]
[Source "ChessBase"]
[SourceDate "2003.09.04"]
[SourceVersion "1"]
[SourceVersionDate "2003.09.04"]
[SourceQuality "1"]

1. e4 c5 2. Nf3 a6 3. c4 e6 4. d4 cxd4 5. Nxd4 Nf6 6. Nc3 d6 7. Bd3 Be7 8. 0-0 0-0 9. b3 b6 10. Bb2 Bb7 11. Re1 g6 12. Qd2 Nbd7 13. Rad1 Re8 14. Bc2 Qc7 15. Qh6 Bf8 16. Qh4 Be7 17. Qh6 Bf8 18. Qh4 Nh5 19. Bb1 Be7 20. Qg4 Ne5 21. Qe2 Bf8 22. Bc1 Bg7 23. Bb2 Nf4 24. Qf1 Rad8 25. Nde2 Nh5 26. Kh1 Qe7 27. f4 Nd7 28. Qf2 Nc5 29. Rd2 Nf6 30. Ng3 Ng4 31. Qf3 Qh4 32. h3 Nf6 33. b4 Ncd7 34. Rxd6 Nh5 35. Red1 Nxg3+ 36. Kh2 Bh6 37. Rxd7 Rxd7 38. Rxd7 Bc8 39. Rd1 Bxf4 40. Kg1 Be5 41. Bc2 Rd8 42. Na4 Rxd1+ 43. Qxd1 Bxb2 44. Nxb2 Bb7 45. e5 Qg5 46. Qe1 Nf5 47. Qf2 Ne3 48. g3 Qxe5 49. Bd3 Kg7 50. Na4 Qa1+ 51. Bf1 Bg2 52. Nxb6 Qxf1+ 53. Qxf1 Bxf1 54. c5 Bb5 55. Nc8 Nd5 56. a3 Kf6 57. Nd6 Ke7 58. Kf2 f5 59. h4 Nc3 60. Ke3 e5 0-1